Historia del Arte Español / (Record no. 84783)
[ view plain ]
| 000 -LEADER | |
|---|---|
| campo de control de longitud fija | 00780nam a2200193 i 4500 |
| 001 - NÚMERO DE CONTROL | |
| campo de control | 84783 |
| 003 - IDENTIFICADOR DE NÚMERO DE CONTROL | |
| campo de control | ES-MaACL |
| 005 - FECHA Y HORA DE LA ÚLTIMA TRANSACCIÓN | |
| campo de control | 20230906175113.0 |
| 007 - CAMPO FIJO DE DESCRIPCIÓN FÍSICA--INFORMACIÓN GENERAL | |
| campo de control de longitud fija | t| |
| 008 - DATOS DE LONGITUD FIJA--INFORMACIÓN GENERAL | |
| campo de control de longitud fija | 041124s1955 sp ||||1| spa d |
| 100 1# - ENTRADA PRINCIPAL--NOMBRE DE PERSONA | |
| Nombre de persona | Jiménez-Placer y Suárez de Lezo, Fernando. |
| 9 (RLIN) | 66590 |
| 245 10 - MENCIÓN DEL TÍTULO | |
| Título | Historia del Arte Español / |
| Mención de responsabilidad, etc. | Fernando Jiménez-Placer y Suárez de Lezo ; con un estudio sobre el Arte del siglo XX por Alejandro Cirici Pellicer ; prólogo de Francisco Javier Sánchez Cantón. |
| 260 ## - PUBLICACIÓN, DISTRIBUCIÓN, ETC. | |
| Lugar de publicación, distribución, etc. | Barcelona : |
| Nombre del editor, distribuidor, etc. | Labor, |
| Fecha de publicación, distribución, etc. | 1955 ( |
| Fabricante | Ibero-Americanos) |
| 300 ## - DESCRIPCIÓN FÍSICA | |
| Extensión | 2 t., 53 lám. : |
| Otras características físicas | il. ; |
| Dimensiones | 28 cm. |
| 700 1# - ENTRADA AGREGADA--NOMBRE PERSONAL | |
| Nombre de persona | Cirici, Alexandre. |
| 9 (RLIN) | 38890 |
| 700 1# - ENTRADA AGREGADA--NOMBRE PERSONAL | |
| Nombre de persona | Sánchez Cantón, Francisco Javier, |
| Fechas asociadas al nombre | 1891-1971 |
| 9 (RLIN) | 102521 |
| 852 ## - LOCALIZACIÓN | |
| Ubicación | ES-MaACL |
| Número de control de estantería | B-782-3 |
| Sublocalización o colección | R.37358 |
| Estatus retirado | Estado de pérdida | Estado de daño | No para préstamo | Biblioteca de origen | Biblioteca actual | Ubicación en estantería | Fecha de adquisición | Fuente de adquisición | Total de préstamos | Signatura topográfica completa | Código de barras | Visto por última vez | Precio de reemplazo | Tipo de ítem Koha |
|---|---|---|---|---|---|---|---|---|---|---|---|---|---|---|
| Biblioteca del Ateneo de Madrid | Biblioteca del Ateneo de Madrid | Sala Pardo Bazán | 17/01/2008 | B-782-3 | 1088603 | 23/02/2023 | 23/02/2023 | Libro impreso |
